000 00205nam a22000857a 4500
008 170301b xxu||||| |||| 00| 0 eng d
100 _92992
_aNCERT
245 _aMathematics-XII
260 _aNew Delhi
_bNCERT
_c2010
999 _c6236
_d6236